| 000 | 00710nam a2200265 a 4500 | ||
|---|---|---|---|
| 999 |
_c4320 _d4320 |
||
| 001 | 4320 | ||
| 003 | BD-JhCC | ||
| 005 | 20171126134549.0 | ||
| 008 | 171126b19381967enka|||| || | 001 0 eng d | ||
| 035 | _a(BD-JhCC)4320 | ||
| 040 |
_aBD-JhCC _dBD-JhCC |
||
| 041 | _aeng | ||
| 082 |
_a526.8 _bBYG 1967 |
||
| 100 | _aBygott, John | ||
| 245 |
_aAn introduction to Mapwork and Practical Geography / _c John Bygott |
||
| 250 | _a9th ed. | ||
| 260 |
_aLondon : _bUnivversity Tutorial Press LTD, _c1967. |
||
| 300 |
_a264 p. : _bill. ; _c20 cm. |
||
| 504 | _aIncludes Index. | ||
| 650 |
_aCartography _xStudy and Teaching |
||
| 650 | _aGeography | ||
| 650 | _aMap Drawing | ||
| 942 |
_2ddc _cBK |
||